004150000a22001090004500090001700000245014100017041001400158100004000172942001300212773006300225999001700288 aAsbSeriadas10aAnálisis del crecimiento diametrico de Prioria copaifera en condiciones naturales por medio de un modelo matemático determinístico0 aEspañol1 aGonzález Pérez, Humberto999832 cARTICULO1 tCrónica Forestal y del Medio Ambienteh10q101-120d1995 c15568d15568